| 000 | 01181nam0a22002891 4500 | ||
|---|---|---|---|
| 001 | RU\NLR\19V\934642 | ||
| 005 | 20260406124505.0 | ||
| 035 | _a(NLR Aleph) 005290290 | ||
| 090 |
_a6183344 _c6183344 |
||
| 100 | _a20130521d1916 |||y0rusy50 ca | ||
| 101 | 1 | _arus | |
| 102 | _aRU | ||
| 105 | _ay z ||||| | ||
| 200 | 1 |
_aПод водой _fгр. Алексей Н. Толстой |
|
| 210 |
_a[Петроград _cВ.В. Битнер _d1916] |
||
| 215 |
_a16 с. _d20 |
||
| 225 | 1 |
_aМаленькие книжечки "Недели" _v7 |
|
| 225 | 1 | _aНовости беллетристики | |
| 327 | 1 | _aВ кн. также: Пчела : [стихотворение] / Эльф | |
| 464 | 0 |
_12001#$aПчела$fЭльф _1700#1$aГоликов$bВ. Г.$f1874-$gВладимир Георгиевич _tПчела _aГоликов, Владимир Георгиевич (1874-) |
|
| 700 | 1 |
_7ca _8rus _aТолстой _bА. Н. _f1883-1945 _gАлексей Николаевич _9111146 _3RU\NLR\AUTH\771113 |
|
| 801 | 0 |
_aRU _bNLR _c20130521 _gpsbo |
|
| 801 | 1 |
_aRU _bNLR _c20130521 _2rusmarc |
|
| 801 | 2 |
_aRU _bNLR _c20130521 _2rusmarc |
|
| 852 |
_aNLR _j3/3511 |
||
| 942 | _cBOOK | ||
| 980 | _aNB | ||